[Event "RUS-chT L1"]
[Site "Sochi RUS"]
[Date "2004.04.20"]
[Round "1.2"]
[White "Chuprov, Dmitry"]
[Black "Diachkov, Sergei"]
[Result "0-1"]
[WhiteElo "2549"]
[BlackElo "2549"]
[EventDate "2004.04.20"]
[PlyCount "100"]

1.Nf3 Nf6 2.d4 d6 3.g3 Nbd7 4.Bg2 e5 5.c4 g6 6.O-O Bg7 7.Nc3 O-O 8.e4 exd4
9.Nxd4 Re8 10.h3 a6 11.Be3 Rb8 12.Rc1 Ne5 13.b3 c5 14.Nde2 b5 15.f4 Ned7 
16.Qd3 b4 17.Nd5 Nxd5 18.cxd5 a5 19.g4 Ra8 20.Qd2 a4 21.Ng3 axb3 22.axb3 
Ra3 23.Rb1 Ba6 24.Rfc1 Qa5 25.Bf1 Bc3 26.Qf2 Nf6 27.Qf3 Nxd5 28.Bf2 Nf6 
29.e5 dxe5 30.fxe5 Nd7 31.Ne4 Bxe5 32.Nxc5 Bxf1 33.Nxd7 Be2 34.Nf6+ Kh8 
35.Qc6 Bb5 36.Qf3 Be2 37.Qc6 Bb5 38.Qf3 Qa8 39.Qxa8 Rexa8 40.Rc5 Ra1 41.
Rxe5 Rxb1+ 42.Kh2 Ra2 43.Kg3 Rxb3+ 44.Be3 Re2 45.Kf4 Rexe3 46.Rxe3 g5+ 47.
Ke4 Bc6+ 48.Kd4 Rxe3 49.Kxe3 Kg7 50.Nh5+ Kg6 0-1

[Event "RUS-chT L1"]
[Site "Sochi RUS"]
[Date "2004.04.20"]
[Round "1.3"]
[White "Tunik, Gennady"]
[Black "Kabanov, Nikolai"]
[Result "1-0"]
[WhiteElo "2487"]
[BlackElo "2519"]
[EventDate "2004.04.20"]
[PlyCount "117"]

1.d4 Nf6 2.c4 g6 3.Nc3 Bg7 4.e4 d6 5.Nf3 O-O 6.Be2 Na6 7.O-O e5 8.Be3 Ng4 
9.Bg5 Qe8 10.dxe5 dxe5 11.h3 f6 12.Bd2 Nh6 13.Qc1 Nf7 14.c5 c6 15.Na4 Nc7 
16.Re1 Qe7 17.b4 Ne6 18.Bc4 Kh8 19.Rb1 Bd7 20.Rb3 Rad8 21.Rd3 Bc8 22.Rxd8 
Rxd8 23.Nc3 Nd4 24.Nxd4 Rxd4 25.Bf1 Be6 26.a3 f5 27.exf5 gxf5 28.Ne2 Rd8 
29.Bc3 Qd7 30.Ng3 e4 31.Bxg7+ Kxg7 32.Qf4 Qd5 33.Qh4 Qe5 34.Nh5+ Kf8 35.
Nf4 Ba2 36.f3 Rd2 37.fxe4 fxe4 38.Nh5 Ng5 39.Re2 Rxe2 40.Bxe2 Bd5 41.Qf4+ 
Nf7 42.Qxe5 Nxe5 43.Kf2 e3+ 44.Kxe3 Bxg2 45.Nf4 Bh1 46.Kd4 Nd7 47.Bd3 Nf6 
48.a4 Ke7 49.a5 h6 50.Bf5 Kd8 51.Ke5 Ne8 52.Bg4 Nc7 53.Ne6+ Nxe6 54.Kxe6 
b6 55.Kd6 bxa5 56.bxa5 Bg2 57.h4 Be4 58.Bd7 Bc2 59.Bxc6 1-0

[Event "RUS-chT L1"]
[Site "Sochi RUS"]
[Date "2004.04.20"]
[Round "1.4"]
[White "Demakov, Petr"]
[Black "Tomashevsky, Evgeny"]
[Result "0-1"]
[WhiteElo "2223"]
[BlackElo "2503"]
[EventDate "2004.04.20"]
[PlyCount "100"]

1.e4 c5 2.Nf3 e6 3.c4 Nc6 4.Nc3 e5 5.g3 g6 6.Bg2 Bg7 7.O-O d6 8.Nd5 Nge7 
9.a3 O-O 10.d3 a5 11.Bd2 Bd7 12.Rb1 Rb8 13.Qe1 a4 14.b4 axb3 15.Rxb3 Nxd5 
16.cxd5 Ne7 17.Qc1 b5 18.Nh4 Rc8 19.f4 exf4 20.Bxf4 c4 21.dxc4 Rxc4 22.Qd2
Qb6+ 23.Kh1 Nc8 24.Be3 Qc7 25.Bh6 Rc2 26.Qf4 f6 27.Bxg7 Kxg7 28.g4 g5 29.
Nf5+ Bxf5 30.Qxf5 Ne7 31.Qf3 Ng6 32.Rxb5 Rf7 33.Qb3 Nf4 34.Rb7 Qc8 35.
Rxf7+ Kxf7 36.e5 fxe5 37.Be4 Rc1 38.Rd1 Rxd1+ 39.Qxd1 Qa6 40.a4 h6 41.Bg2 
Qc4 42.Qb1 Qxa4 43.Qh7+ Ke8 44.Bf1 Kd8 45.Qg8+ Kc7 46.Qh7+ Kb6 47.Qb1+ Kc5
48.Bg2 Nxg2 49.Qc1+ Kxd5 50.Kxg2 Qxg4+ 0-1

[Event "RUS-chT L1"]
[Site "Sochi RUS"]
[Date "2004.04.20"]
[Round "1.1"]
[White "Sokolov, Dmitri"]
[Black "Burmakin, Vladimir"]
[Result "0-1"]
[WhiteElo "2409"]
[BlackElo "2571"]
[EventDate "2004.04.20"]
[PlyCount "68"]

1.e4 c6 2.d4 d5 3.Nc3 g6 4.h3 Bg7 5.Nf3 dxe4 6.Nxe4 Nd7 7.Bd3 Ngf6 8.O-O 
Nxe4 9.Bxe4 Nf6 10.Bd3 O-O 11.Qe2 Re8 12.Bg5 Be6 13.c4 Qc7 14.Rfe1 Rad8 
15.Qe3 Qb6 16.Re2 Nh5 17.c5 Qb4 18.a3 Qb3 19.Rc1 Bd5 20.Rc3 Qa4 21.Ne5 f6 
22.Bc2 Qb5 23.a4 Qa6 24.Nxg6 fxg5 25.Nxe7+ Kh8 26.Bd3 Qxa4 27.Qxg5 Bf7 28.
Qf5 Nf6 29.g4 Qxd4 30.g5 Qh4 31.gxf6 Bxf6 32.Re4 Qh6 33.Ra3 Rxe7 34.Rxe7 
Qg7+ 0-1

[Event "RUS-chT L1"]
[Site "Sochi RUS"]
[Date "2004.04.20"]
[Round "1.2"]
[White "Yevseev, Denis"]
[Black "Kositsin, Sergei"]
[Result "1/2-1/2"]
[WhiteElo "2580"]
[BlackElo "2429"]
[EventDate "2004.04.20"]
[PlyCount "83"]

1.d4 Nf6 2.c4 g6 3.Nc3 Bg7 4.e4 O-O 5.Bg5 d6 6.Qd2 c6 7.f3 Nbd7 8.Nh3 a6 
9.Nf2 b5 10.Rc1 Nb6 11.b3 bxc4 12.bxc4 Be6 13.Ncd1 c5 14.d5 Bc8 15.Be2 Rb8
16.O-O Na4 17.Nd3 Qc7 18.N1f2 e5 19.f4 exf4 20.Qxf4 Ne8 21.Bh6 Nc3 22.Rc2 
Nxe2+ 23.Rxe2 Bxh6 24.Qxh6 f6 25.Qd2 Qe7 26.h3 Nc7 27.Nd1 Na8 28.Qc3 Nb6 
29.N1f2 Nd7 30.Rb2 Rxb2 31.Qxb2 Ne5 32.Nxe5 fxe5 33.Nd3 Rxf1+ 34.Kxf1 Qb7 
35.Qd2 Kg7 36.Kf2 Qe7 37.Kg1 Qd8 38.Qb2 Qc7 39.Kh2 Qb7 40.Qc3 Qc7 41.Qa3 
h5 42.Qc1 1/2-1/2

[Event "RUS-chT L1"]
[Site "Sochi RUS"]
[Date "2004.04.20"]
[Round "1.3"]
[White "Semeniuk, Alexander"]
[Black "Popov, Valery"]
[Result "0-1"]
[WhiteElo "2458"]
[BlackElo "2547"]
[EventDate "2004.04.20"]
[PlyCount "90"]

1.e4 c5 2.Nf3 d6 3.d4 cxd4 4.Nxd4 Nf6 5.Nc3 a6 6.f4 e5 7.Nf3 Nbd7 8.a4 Be7
9.Bd3 O-O 10.O-O exf4 11.Kh1 Nh5 12.Nd5 Nc5 13.Nxf4 Bg4 14.Qe1 Re8 15.Nd5 
Rc8 16.Bd2 Rb8 17.Nd4 Bh4 18.g3 Bg5 19.Ba5 Qd7 20.Bc3 Nf6 21.Nxf6+ Bxf6 
22.Rxf6 gxf6 23.Qf2 Nxe4 24.Bxe4 Rxe4 25.Qxf6 Qe7 26.Qh6 f6 27.Kg1 Qg7 28.
Qd2 Qg5 29.Qf2 Rbe8 30.a5 Bd7 31.Rf1 Bh3 32.Rd1 Qe3 33.Qxe3 Rxe3 34.Bd2 
R3e4 35.Bf4 Re1+ 36.Rxe1 Rxe1+ 37.Kf2 Rb1 38.b3 d5 39.Kf3 Rf1+ 40.Ke3 Rh1 
41.Nf3 Bg2 42.Nd2 Rxh2 43.b4 h5 44.Nb3 Bf1 45.c3 Re2+ 0-1

[Event "RUS-chT L1"]
[Site "Sochi RUS"]
[Date "2004.04.20"]
[Round "1.4"]
[White "Kiriakov, Petr"]
[Black "Berezhevsky, Evgeny"]
[Result "1-0"]
[WhiteElo "2568"]
[BlackElo "2369"]
[EventDate "2004.04.20"]
[PlyCount "103"]

1.d4 Nf6 2.c4 e6 3.Nc3 Bb4 4.Qc2 c5 5.dxc5 O-O 6.a3 Bxc5 7.Nf3 b6 8.Bg5 
Bb7 9.e4 h6 10.Bh4 Be7 11.Rd1 Nh5 12.Bxe7 Qxe7 13.Qd2 f5 14.Qe3 fxe4 15.
Nxe4 Na6 16.Ne5 Bxe4 17.Qxe4 Nc5 18.Qe3 Nf4 19.b4 d6 20.bxc5 dxe5 21.g3 
Nh5 22.Bg2 Rac8 23.cxb6 axb6 24.O-O Rxc4 25.Qe2 Nxg3 26.hxg3 Qc5 27.Rd3 
Rc3 28.Rxc3 Qxc3 29.a4 Qd4 30.Qe4 Rd8 31.Re1 Qxe4 32.Rxe4 Rd5 33.Rb4 Ra5 
34.Bc6 Ra6 35.Re4 Ra5 36.Bb5 Kf7 37.Rxe5 Kf6 38.Re4 Ra7 39.Rd4 Rb7 40.Rd7 
Rb8 41.Kg2 g6 42.Kf3 Ke5 43.Ke3 h5 44.Rg7 Kf6 45.Rc7 Ke5 46.Bd3 Kf6 47.Bc4
Ra8 48.Bb5 Rb8 49.Rc6 Ke7 50.Bc4 Kd7 51.Rxe6 Rc8 52.Re4 1-0

[Event "RUS-chT L1"]
[Site "Sochi RUS"]
[Date "2004.04.20"]
[Round "1.1"]
[White "Yakovich, Yury"]
[Black "Shomoev, Anton"]
[Result "1/2-1/2"]
[WhiteElo "2596"]
[BlackElo "2487"]
[EventDate "2004.04.20"]
[PlyCount "65"]

1.d4 Nf6 2.c4 g6 3.Nc3 d5 4.Qb3 dxc4 5.Qxc4 Bg7 6.e4 O-O 7.Be2 a6 8.Bf4 b5
9.Qxc7 Qxd4 10.Rd1 Qb4 11.Rd2 Nbd7 12.Be3 Rb8 13.a3 Qb3 14.Nf3 e5 15.O-O 
Bb7 16.Rfd1 Rfc8 17.Qa5 Qe6 18.a4 b4 19.Qxb4 Bxe4 20.Qa5 Bb7 21.Rd6 Qb3 
22.Bxa6 Bxa6 23.Qxa6 Qxb2 24.Nb5 e4 25.R6d2 Rc2 26.Rxc2 Qxc2 27.Rc1 Qb2 
28.Ne1 Nd5 29.Rc8+ Rxc8 30.Qxc8+ Nf8 31.Qc4 Nxe3 32.fxe3 Qd2 33.Nc2 
1/2-1/2

[Event "RUS-chT L1"]
[Site "Sochi RUS"]
[Date "2004.04.20"]
[Round "1.2"]
[White "Ivanov, Timur"]
[Black "Sorokin, Maxim"]
[Result "0-1"]
[WhiteElo "2419"]
[BlackElo "2583"]
[EventDate "2004.04.20"]
[PlyCount "68"]

1.Nf3 d5 2.d4 Nf6 3.c4 dxc4 4.e3 e6 5.Bxc4 c5 6.O-O a6 7.Bb3 b5 8.a4 b4 9.
Nbd2 Be7 10.Re1 O-O 11.e4 cxd4 12.e5 Nfd7 13.Ne4 Nc6 14.Bf4 Qa5 15.Ned2 
Nc5 16.Bc4 Bb7 17.h4 Rad8 18.h5 d3 19.h6 Nd4 20.hxg7 Kxg7 21.Ng5 Ne2+ 22.
Rxe2 dxe2 23.Qxe2 h6 24.Qg4 Rg8 25.Ngf3+ Kh7 26.Qh5 Rg6 27.Bxh6 Rh8 28.
Ng5+ Kg8 29.Nxf7 Kxf7 30.Qf5+ Bf6 31.Nb3 Rgxh6 32.Kf1 Qc7 33.Nxc5 Qxe5 34.
Bxe6+ Ke7 0-1

[Event "RUS-chT L1"]
[Site "Sochi RUS"]
[Date "2004.04.20"]
[Round "1.3"]
[White "Volzhin, Alexander"]
[Black "Abashev, Denis"]
[Result "1-0"]
[WhiteElo "2539"]
[BlackElo "2412"]
[EventDate "2004.04.20"]
[PlyCount "81"]

1.d4 Nf6 2.c4 g6 3.Nc3 Bg7 4.e4 d6 5.Be2 O-O 6.Bg5 Na6 7.Nf3 h6 8.Be3 Ng4 
9.Bc1 e5 10.O-O c6 11.dxe5 Nxe5 12.Nd4 g5 13.Be3 Be6 14.b3 Ng6 15.Rc1 Be5 
16.Qd2 Qf6 17.Nf3 Nf4 18.Nxe5 dxe5 19.Rfd1 Rad8 20.Qb2 b6 21.Bf1 Bc8 22.b4
Rxd1 23.Rxd1 Rd8 24.Rxd8+ Qxd8 25.b5 cxb5 26.cxb5 Nc5 27.Qa3 Qc7 28.g3 
Nfe6 29.Nd5 Qb8 30.Ne7+ Kg7 31.Nc6 Qd6 32.Qxa7 Nf4 33.Bxc5 Qd1 34.Nxe5 
Ne2+ 35.Kg2 Bh3+ 36.Kxh3 Nf4+ 37.gxf4 Qxf1+ 38.Kg3 Qg1+ 39.Kf3 Qh1+ 40.Ke2
Qxe4+ 41.Be3 1-0

[Event "RUS-chT L1"]
[Site "Sochi RUS"]
[Date "2004.04.20"]
[Round "1.4"]
[White "Andreev, Afrikan"]
[Black "Khismatullin, Denis"]
[Result "1/2-1/2"]
[WhiteElo "2390"]
[BlackElo "2537"]
[EventDate "2004.04.20"]
[PlyCount "76"]

1.d4 Nf6 2.c4 g6 3.Nc3 Bg7 4.Nf3 O-O 5.g3 d5 6.cxd5 Nxd5 7.Bg2 Nxc3 8.bxc3
c5 9.O-O Nc6 10.Be3 cxd4 11.Nxd4 Ne5 12.Qb3 Ng4 13.Bc1 e5 14.Nc2 Qc7 15.
Nb4 Nf6 16.c4 Bg4 17.Re1 Rfc8 18.Bb2 Rab8 19.Rac1 Nd7 20.Nd5 Qd8 21.h3 Be6
22.Red1 Qf8 23.Qe3 b6 24.Ba3 Nc5 25.Nb4 Qe8 26.Nd3 Nxd3 27.exd3 Qd7 28.Kh2
Rd8 29.Bb2 Qd6 30.c5 bxc5 31.Ba3 Qa6 32.Bxc5 Rd7 33.a3 Rbd8 34.Bb4 h5 35.
Bc6 Rxd3 36.Bb7 Qb5 37.Bc6 Qa6 38.Bb7 Qb5 1/2-1/2

[Event "RUS-chT L1"]
[Site "Sochi RUS"]
[Date "2004.04.20"]
[Round "1.1"]
[White "Rodin, Dmitrij"]
[Black "Turov, Maxim"]
[Result "1/2-1/2"]
[WhiteElo "2452"]
[BlackElo "2528"]
[EventDate "2004.04.20"]
[PlyCount "48"]

1.e4 c5 2.Nf3 Nc6 3.d4 cxd4 4.Nxd4 e5 5.Nb5 d6 6.c4 Be7 7.N1c3 a6 8.Na3 
Be6 9.Be2 Bg5 10.O-O Bxc1 11.Rxc1 Nf6 12.Nc2 O-O 13.Qd2 Qb8 14.Rfd1 Rd8 
15.Qe3 Qa7 16.Nd5 Bxd5 17.Qxa7 Rxa7 18.cxd5 Ne7 19.f3 Kf8 20.Ne3 b5 21.b4 
Nd7 22.Rc3 Nb6 23.Rdc1 f5 24.g3 g6 1/2-1/2

[Event "RUS-chT L1"]
[Site "Sochi RUS"]
[Date "2004.04.20"]
[Round "1.2"]
[White "Petrushin, Alexander"]
[Black "Kostin, Alexei"]
[Result "0-1"]
[WhiteElo "2487"]
[BlackElo "2385"]
[EventDate "2004.04.20"]
[PlyCount "80"]

1.e4 c5 2.Nf3 e6 3.d4 cxd4 4.Nxd4 a6 5.Bd3 Nf6 6.O-O Qc7 7.Nc3 Nc6 8.Be3 
Ne5 9.h3 Bc5 10.Kh1 d6 11.f4 Ng6 12.Qf3 O-O 13.g4 Nxf4 14.Ndb5 axb5 15.
Nxb5 Qb6 16.Bxc5 dxc5 17.Qxf4 Bd7 18.Nd6 Qxb2 19.g5 Nh5 20.Qf3 g6 21.Nxf7 
Bc6 22.Nh6+ Kg7 23.Qe3 Qe5 24.Kg1 Nf4 25.h4 Nd5 26.Qh3 Qd4+ 27.Kh1 Nf4 28.
Qg3 c4 29.Rxf4 Qxa1+ 30.Kh2 cxd3 31.Rxf8 Rxf8 32.Qc7+ Kh8 33.Nf7+ Rxf7 34.
Qxf7 Qg7 35.Qxe6 Qc7+ 36.Kg2 dxc2 37.Qf6+ Kg8 38.Qe6+ Qf7 39.Qe5 c1=Q 40.
Qb8+ Qf8 0-1

[Event "RUS-chT L1"]
[Site "Sochi RUS"]
[Date "2004.04.20"]
[Round "1.4"]
[White "Vyetik, Viacheslav"]
[Black "Lukyanenko, Alexander"]
[Result "0-1"]
[WhiteElo "2436"]
[BlackElo "2410"]
[EventDate "2004.04.20"]
[PlyCount "70"]

1.d4 Nf6 2.c4 e6 3.Nf3 b6 4.g3 Ba6 5.b3 Bb4+ 6.Bd2 Be7 7.Bg2 c6 8.O-O d5 
9.Qc2 O-O 10.Rd1 Nbd7 11.Bf4 Rc8 12.Nc3 c5 13.dxc5 Bxc5 14.e4 Ng4 15.exd5 
Nxf2 16.Rf1 Ne4+ 17.Kh1 Nxc3 18.Ng5 Nf6 19.Be5 Nfe4 20.Nxe4 Nxe4 21.Bxe4 
Bb7 22.Bxh7+ Kh8 23.Be4 exd5 24.Bg2 f6 25.Bb2 Qd7 26.Rf5 d4 27.Rh5+ Kg8 
28.Bd5+ Bxd5+ 29.Rxd5 Qg4 30.Qg2 Rfe8 31.h3 Qe4 32.Rf1 Qxg2+ 33.Kxg2 d3 
34.Bd4 Re2+ 35.Rf2 Bb4 0-1

[Event "RUS-chT L1"]
[Site "Sochi RUS"]
[Date "2004.04.20"]
[Round "1.1"]
[White "Ozgibtsev, Anatoly"]
[Black "Zontakh, Andrei"]
[Result "1/2-1/2"]
[WhiteElo "2435"]
[BlackElo "2520"]
[EventDate "2004.04.20"]
[PlyCount "66"]

1.e4 e6 2.d4 d5 3.exd5 exd5 4.Nf3 Nc6 5.Bb5 Bd6 6.c4 dxc4 7.d5 a6 8.Ba4 b5
9.dxc6 bxa4 10.Qxa4 Ne7 11.Nbd2 c3 12.bxc3 O-O 13.O-O Qe8 14.Ne4 Qxc6 15.
Qxc6 Nxc6 16.Nxd6 cxd6 17.Rd1 Be6 18.Rxd6 Rad8 19.Rxd8 Rxd8 20.Nd4 Nxd4 
21.cxd4 Rxd4 22.Be3 Ra4 23.a3 h5 24.h3 a5 25.Bb6 Kh7 26.f3 g5 27.Bd8 g4 
28.hxg4 hxg4 29.Kf2 Kg6 30.Bc7 Kf6 31.Bd8+ Kg7 32.Bc7 Kf6 33.Kg3 gxf3 
1/2-1/2

[Event "RUS-chT L1"]
[Site "Sochi RUS"]
[Date "2004.04.20"]
[Round "1.2"]
[White "Gladyshev, Oleg"]
[Black "Pogromsky, Mikhail"]
[Result "1-0"]
[WhiteElo "2443"]
[BlackElo "2243"]
[EventDate "2004.04.20"]
[PlyCount "99"]

1.d4 Nf6 2.c4 e6 3.Nc3 Bb4 4.Qc2 Nc6 5.Nf3 d6 6.Bd2 O-O 7.a3 Bxc3 8.Bxc3 
d5 9.e3 a5 10.Bd3 Bd7 11.O-O dxc4 12.Bxc4 a4 13.e4 Na5 14.Bd3 h6 15.Qe2 
Nb3 16.Rad1 b6 17.Ne5 Be8 18.Bb1 Qe7 19.Rfe1 Rd8 20.d5 Nc5 21.Ng4 Nxg4 22.
Qxg4 e5 23.f4 f6 24.Qg3 Bh5 25.Rc1 Nb3 26.Bb4 Qd7 27.Bxf8 Nxc1 28.Bxg7 
Ne2+ 29.Rxe2 Qxg7 30.Qxg7+ Kxg7 31.Rc2 Rd7 32.f5 Be8 33.Kf2 h5 34.Rc4 Kf8 
35.Bc2 Rg7 36.Bd1 Re7 37.Rc3 Kg7 38.Be2 Kh6 39.Ba6 Rg7 40.Bb7 Rg4 41.Kf3 
Rf4+ 42.Ke3 Rf1 43.Rxc7 Re1+ 44.Kf3 h4 45.d6 Bh5+ 46.Kf2 Re2+ 47.Kf1 Rd2 
48.Bd5 Kg5 49.d7 Kf4 50.Rc1 1-0

[Event "RUS-chT L1"]
[Site "Sochi RUS"]
[Date "2004.04.20"]
[Round "1.3"]
[White "Krutko, Anatoly"]
[Black "Chebotarev, Oleg"]
[Result "0-1"]
[WhiteElo "2324"]
[BlackElo "2442"]
[EventDate "2004.04.20"]
[PlyCount "54"]

1.e4 e6 2.d4 d5 3.Nd2 Nf6 4.e5 Nfd7 5.f4 c5 6.c3 Nc6 7.Ndf3 Qa5 8.Be3 f6 
9.Kf2 Qb6 10.Qd2 g5 11.g3 g4 12.Nh4 cxd4 13.cxd4 fxe5 14.fxe5 Bb4 15.Qd3 
Bc5 16.Rd1 Ndxe5 17.dxe5 O-O+ 18.Ke2 Qxb2+ 19.Ke1 Nxe5 20.Qe2 Qb4+ 21.Bd2 
Qb6 22.Bf4 Bb4+ 23.Rd2 Bxd2+ 24.Qxd2 Bd7 25.Qe2 Qb4+ 26.Qd2 Qe4+ 27.Qe3 
Rxf4 0-1

[Event "RUS-chT L1"]
[Site "Sochi RUS"]
[Date "2004.04.20"]
[Round "1.4"]
[White "Zimmerman, Yury"]
[Black "Ustinov, Viacheslav"]
[Result "1/2-1/2"]
[WhiteElo "2355"]
[BlackElo "2246"]
[EventDate "2004.04.20"]
[PlyCount "80"]

1.d4 d5 2.c4 c6 3.Nf3 Nf6 4.e3 Bf5 5.Nc3 e6 6.Bd3 Bxd3 7.Qxd3 Nbd7 8.O-O 
Be7 9.Rd1 O-O 10.e4 dxe4 11.Nxe4 Nxe4 12.Qxe4 Qa5 13.Bf4 Rfe8 14.a3 Rac8 
15.Qe2 Qf5 16.Qe3 Nf6 17.h3 Rcd8 18.Bc7 Rc8 19.Bh2 c5 20.Qb3 b6 21.Qa4 a5 
22.Qb5 cxd4 23.Qxf5 exf5 24.b3 Ne4 25.Be5 Nc3 26.Rd3 Bc5 27.Kf1 Rcd8 28.
Bxd4 Ne2 29.Rad1 Nxd4 30.Nxd4 Bxa3 31.Nxf5 Rxd3 32.Rxd3 Bb4 33.Ne3 g6 34.
Rd7 Re7 35.Rxe7 Bxe7 36.Nd5 Bc5 37.Ke2 f5 38.f3 Kf7 39.Kd3 Ke6 40.f4 h5 
1/2-1/2

[Event "RUS-chT L1"]
[Site "Sochi RUS"]
[Date "2004.04.20"]
[Round "1.1"]
[White "Kasparov, Sergei"]
[Black "Askarov, Marat"]
[Result "0-1"]
[WhiteElo "2497"]
[BlackElo "2404"]
[EventDate "2004.04.20"]
[PlyCount "80"]

1.e4 c5 2.Nf3 d6 3.d4 cxd4 4.Nxd4 Nf6 5.f3 e6 6.c4 Nc6 7.Nc3 Be7 8.Be3 O-O
9.Be2 d5 10.cxd5 exd5 11.Nxc6 bxc6 12.exd5 Nxd5 13.Nxd5 cxd5 14.O-O a5 15.
Bd4 Ba6 16.Bxa6 Rxa6 17.Rf2 Re6 18.Qd3 Re8 19.Rd1 Bd6 20.g3 h5 21.Rg2 h4 
22.Rf1 Be5 23.gxh4 Qxh4 24.Bxe5 Rxe5 25.Rg4 Qh6 26.Rg2 Re1 27.Rf2 Qg5+ 28.
Kh1 g6 29.b3 R8e3 30.Qd2 Rxf1+ 31.Rxf1 Qe5 32.Qxa5 Re2 33.Qd8+ Kg7 34.Qh4 
d4 35.Rf2 Re1+ 36.Kg2 d3 37.Rd2 Qe3 38.Qf2 Qg5+ 39.Kh3 Rg1 40.Qd4+ Kg8 0-1

[Event "RUS-chT L1"]
[Site "Sochi RUS"]
[Date "2004.04.20"]
[Round "1.2"]
[White "Ayupov, Damir"]
[Black "Savchenko, Boris"]
[Result "1/2-1/2"]
[WhiteElo "2325"]
[BlackElo "2510"]
[EventDate "2004.04.20"]
[PlyCount "118"]

1.d4 Nf6 2.c4 e6 3.Nf3 d5 4.Nc3 c6 5.Bg5 Nbd7 6.e3 Be7 7.Bd3 O-O 8.O-O 
dxc4 9.Bxc4 b5 10.Bd3 a6 11.e4 c5 12.e5 Ng4 13.Bxe7 Qxe7 14.Be4 Rb8 15.h3 
cxd4 16.Qxd4 Nh6 17.Rac1 Nc5 18.Rfd1 b4 19.Ne2 Nxe4 20.Qxe4 Bb7 21.Qf4 Nf5
22.Ned4 Nxd4 23.Nxd4 Rfc8 24.Nb3 Bd5 25.Rxc8+ Rxc8 26.Rc1 Rxc1+ 27.Qxc1 
Qb7 28.f3 h6 29.Qc5 Qb8 30.Qd4 Qb5 31.Nc1 Qc4 32.Qxc4 Bxc4 33.Kf2 f6 34.
exf6 gxf6 35.Ke3 Kf7 36.Nd3 Bxa2 37.Nxb4 Bc4 38.f4 h5 39.Nd3 Bd5 40.g3 a5 
41.Kd4 Bg2 42.h4 Kg6 43.Nf2 Kf5 44.Ke3 Bd5 45.Kd4 Bc6 46.Kc5 Bf3 47.Kd4 a4
48.Ke3 Bd5 49.Kd4 Bc6 50.Ke3 Bd5 51.Kd4 Bb3 52.Ke3 e5 53.fxe5 fxe5 54.Kd3 
Ba2 55.Ke3 Bd5 56.Kd3 Bf3 57.Ke3 e4 58.Kd4 Bg2 59.Ke3 Ke5 1/2-1/2

[Event "RUS-chT L1"]
[Site "Sochi RUS"]
[Date "2004.04.20"]
[Round "1.3"]
[White "Meshkov, Yury"]
[Black "Lianguzov, Oleg"]
[Result "1/2-1/2"]
[WhiteElo "2396"]
[BlackElo "2303"]
[EventDate "2004.04.20"]
[PlyCount "85"]

1.c4 Nf6 2.g3 g6 3.Bg2 Bg7 4.Nc3 O-O 5.d4 d6 6.e3 c5 7.Nge2 Nc6 8.h3 a6 9.
O-O Bd7 10.b3 Rb8 11.a4 Na5 12.Bd2 Ne8 13.Rb1 Nc6 14.dxc5 dxc5 15.Ne4 b6 
16.Qc2 Qc8 17.Kh2 f5 18.N4c3 Nb4 19.Qd1 e6 20.e4 Bc6 21.Nf4 Nc7 22.Qe2 Qb7
23.Ncd5 exd5 24.cxd5 Ncxd5 25.exd5 Nxd5 26.Qe6+ Kh8 27.Bxd5 Bxd5 28.Qxd5 
Qxd5 29.Nxd5 Rbd8 30.Nxb6 Rxd2 31.Nc4 Re2 32.Kg2 f4 33.g4 f3+ 34.Kg3 h5 
35.Rbd1 Bd4 36.Rd2 Rxd2 37.Nxd2 Be5+ 38.Kh4 hxg4 39.Nc4 Bc7 40.Kxg4 Kg7 
41.Re1 Rf4+ 42.Kg5 Rf5+ 43.Kg4 1/2-1/2

[Event "RUS-chT L1"]
[Site "Sochi RUS"]
[Date "2004.04.20"]
[Round "1.4"]
[White "Sharafiev, Azat"]
[Black "Chadaev, Nikolay"]
[Result "1/2-1/2"]
[WhiteElo "2255"]
[BlackElo "2370"]
[EventDate "2004.04.20"]
[PlyCount "101"]

1.d4 g6 2.c4 Bg7 3.Nc3 d6 4.e4 Nf6 5.Be2 O-O 6.Nf3 Bg4 7.O-O Nc6 8.Be3 e5 
9.d5 Bxf3 10.Bxf3 Nd4 11.Bxd4 exd4 12.Qxd4 Re8 13.Qd2 Nd7 14.g3 Nc5 15.
Rae1 h5 16.Bg2 a5 17.f4 a4 18.e5 dxe5 19.f5 Ra6 20.Ne4 Qe7 21.fxg6 fxg6 
22.d6 cxd6 23.Nxc5 dxc5 24.Bd5+ Kh8 25.Rf7 Qd8 26.Ref1 Rf8 27.Rxf8+ Bxf8 
28.Rf7 Bg7 29.Rxb7 Rf6 30.Ra7 Rf8 31.Ra8 Qf6 32.Rxf8+ Qxf8 33.Qf2 Bf6 34.
Be4 Kg7 35.Qd2 Qe7 36.Qd1 Qd8 37.Qxd8 Bxd8 38.Bc6 a3 39.bxa3 h4 40.g4 Kf6 
41.Kf2 Ke6 42.Be4 g5 43.h3 Ba5 44.Ke3 Kd6 45.Bc2 Kc6 46.Ke4 Bd2 47.a4 Kb6 
48.Kd5 Bc3 49.Bf5 Be1 50.Kxe5 Bc3+ 51.Kd5 1/2-1/2

[Event "RUS-chT L1"]
[Site "Sochi RUS"]
[Date "2004.04.21"]
[Round "2.1"]
[White "Askarov, Marat"]
[Black "Moiseenko, Alexander"]
[Result "1/2-1/2"]
[WhiteElo "2404"]
[BlackElo "2631"]
[EventDate "2004.04.20"]
[PlyCount "107"]

1.g3 c5 2.Bg2 Nc6 3.c4 g6 4.Nc3 Bg7 5.e3 e5 6.a3 Nge7 7.Rb1 a5 8.Nge2 O-O 
9.Nd5 Nxd5 10.cxd5 Ne7 11.b4 cxb4 12.axb4 d6 13.d4 a4 14.dxe5 Bxe5 15.Bb2 
Bxb2 16.Rxb2 Bg4 17.O-O b5 18.Qd3 Bxe2 19.Rxe2 Qd7 20.e4 Ra6 21.h4 Rc8 22.
h5 gxh5 23.Kh2 Rc4 24.f4 Rxb4 25.f5 Rb3 26.Qd2 Kh8 27.Qd4+ Kg8 28.Rc2 Ra8 
29.Bh3 Qa7 30.Qxa7 Rxa7 31.f6 a3 32.e5 Rb2 33.Rxb2 axb2 34.fxe7 Rxe7 35.
exd6 Re2+ 36.Bg2 Kf8 37.Kh3 Ke8 38.Rb1 Kd7 39.Bf1 Rd2 40.Bxb5+ Kxd6 41.Bc4
h6 42.Ba2 Rc2 43.Bb3 Rd2 44.Bd1 f5 45.Bb3 Kc5 46.Ba2 Rc2 47.Bb3 Rd2 48.Rf1
h4 49.Ba2 hxg3 50.Kxg3 Rd3+ 51.Kf4 Ra3 52.Bb1 Kxd5 53.Rd1+ Kc4 54.Rd2 
1/2-1/2

[Event "RUS-chT L1"]
[Site "Sochi RUS"]
[Date "2004.04.21"]
[Round "2.2"]
[White "Diachkov, Sergei"]
[Black "Ayupov, Damir"]
[Result "1-0"]
[WhiteElo "2549"]
[BlackElo "2325"]
[EventDate "2004.04.20"]
[PlyCount "101"]

1.c4 Nf6 2.d4 g6 3.Nc3 d5 4.Nf3 Bg7 5.Qb3 dxc4 6.Qxc4 O-O 7.e4 Na6 8.Be2 
c5 9.d5 e6 10.O-O exd5 11.exd5 Bf5 12.Be3 Qb6 13.b3 Rfe8 14.Rad1 Rad8 15.
Na4 Qc7 16.d6 Qc6 17.Ng5 Be6 18.Nxe6 Rxe6 19.Bf3 Ne4 20.Qc2 Nb4 21.Qb1 b6 
22.a3 Na6 23.Qc2 Nb8 24.Bg5 Rde8 25.Be7 Nd7 26.Rfe1 f5 27.Qc4 Kf7 28.Rxe4 
fxe4 29.Bg4 Rxe7 30.dxe7 Kxe7 31.Bxe6 Qxe6 32.Qc2 e3 33.Nc3 exf2+ 34.Kf1 
Bd4 35.Nb5 Be3 36.Nc7 Qe5 37.Nd5+ Ke6 38.Nxe3 Qxe3 39.Qe2 Qxe2+ 40.Kxe2 
Ne5 41.Kxf2 Nc6 42.Rd3 Nd4 43.b4 Kd5 44.bxc5 bxc5 45.Rh3 h5 46.Rg3 c4 47.
Ke1 a5 48.Kd2 Nf5 49.Rxg6 Kd4 50.g4 c3+ 51.Ke2 1-0

[Event "RUS-chT L1"]
[Site "Sochi RUS"]
[Date "2004.04.21"]
[Round "2.3"]
[White "Lianguzov, Oleg"]
[Black "Tunik, Gennady"]
[Result "0-1"]
[WhiteElo "2303"]
[BlackElo "2487"]
[EventDate "2004.04.20"]
[PlyCount "74"]

1.c4 Nf6 2.Nf3 e6 3.g3 d5 4.b3 d4 5.e3 c5 6.d3 Nc6 7.Bg2 Be7 8.exd4 cxd4 
9.O-O O-O 10.a3 a5 11.Re1 Ne8 12.Nbd2 Nc7 13.Ne5 Nxe5 14.Rxe5 f6 15.Re1 e5
16.Rb1 Ra7 17.b4 axb4 18.axb4 b5 19.Bc6 Bd7 20.Bxd7 Qxd7 21.Qb3 Kh8 22.Ne4
bxc4 23.Qxc4 Nb5 24.Nc5 Qc6 25.Bb2 Rfa8 26.Ra1 h6 27.Rxa7 Rxa7 28.Ra1 
Rxa1+ 29.Bxa1 Bxc5 30.bxc5 Nc7 31.Bb2 Ne6 32.Ba3 Ng5 33.Kf1 Nf3 34.Ke2 e4 
35.Bb2 Ne5 36.Qxd4 exd3+ 37.Kd1 Qh1+ 0-1

[Event "RUS-chT L1"]
[Site "Sochi RUS"]
[Date "2004.04.21"]
[Round "2.4"]
[White "Tomashevsky, Evgeny"]
[Black "Sharafiev, Azat"]
[Result "1-0"]
[WhiteElo "2503"]
[BlackElo "2255"]
[EventDate "2004.04.20"]
[PlyCount "65"]

1.d4 Nf6 2.Nf3 g6 3.Bg5 Bg7 4.Nbd2 O-O 5.c3 d6 6.e4 Nbd7 7.Bd3 h6 8.Bh4 e5
9.O-O Qe8 10.Re1 Nh5 11.Bf1 b6 12.Bb5 Bf6 13.Bg3 Qe7 14.Bc6 Rb8 15.Nc4 
Nxg3 16.hxg3 Rd8 17.Ne3 Bb7 18.Nd5 Qf8 19.Bxb7 Rxb7 20.Qa4 a5 21.Qc6 Ra7 
22.Nxf6+ Nxf6 23.dxe5 Ng4 24.exd6 Rxd6 25.Qc4 h5 26.Rad1 Rf6 27.e5 Rf5 28.
Rd7 Qe8 29.e6 fxe6 30.Rxe6 Qxd7 31.Rxg6+ Kf8 32.Qg8+ Ke7 33.Rg7+ 1-0

[Event "RUS-chT L1"]
[Site "Sochi RUS"]
[Date "2004.04.21"]
[Round "2.2"]
[White "Kostin, Alexei"]
[Black "Burmakin, Vladimir"]
[Result "1/2-1/2"]
[WhiteElo "2385"]
[BlackElo "2571"]
[EventDate "2004.04.20"]
[PlyCount "51"]

1.e4 c6 2.d4 d5 3.exd5 cxd5 4.c4 Nf6 5.Nc3 g6 6.cxd5 Nxd5 7.Bc4 Nb6 8.Bb3 
Bg7 9.Nf3 O-O 10.O-O Nc6 11.Re1 Na5 12.Bg5 Re8 13.Bc2 Nac4 14.Qe2 Be6 15.
Bb3 Rc8 16.Rad1 Qd7 17.h3 a5 18.a4 Qd6 19.d5 Bd7 20.Bxe7 Qf4 21.d6 Nxb2 
22.Nd5 Nxd5 23.Rxd5 Nxa4 24.Rxa5 Nc5 25.Ra3 Bf6 26.Ne5 1/2-1/2

[Event "RUS-chT L1"]
[Site "Sochi RUS"]
[Date "2004.04.21"]
[Round "2.3"]
[White "Yevseev, Denis"]
[Black "Sergienko, Sergei"]
[Result "1-0"]
[WhiteElo "2580"]
[BlackElo "2404"]
[EventDate "2004.04.20"]
[PlyCount "71"]

1.d4 d5 2.c4 c6 3.Nc3 e5 4.cxd5 cxd5 5.dxe5 d4 6.Ne4 Qa5+ 7.Nd2 Nc6 8.Nf3 
Nh6 9.g3 Ng4 10.Bg2 Ne3 11.fxe3 dxe3 12.O-O exd2 13.Bxd2 Qb6+ 14.Kh1 Be7 
15.Bg5 O-O 16.Bxe7 Nxe7 17.Qd4 Nf5 18.Qxb6 axb6 19.Rfc1 Ne3 20.a3 Bd7 21.
Rc3 Nxg2 22.Kxg2 Bc6 23.Rd1 Rfe8 24.Kf2 h6 25.Rd6 Ra4 26.b4 Rea8 27.Nd4 
Bh1 28.e6 fxe6 29.Nxe6 Rxa3 30.Rc7 g5 31.Rg7+ Kh8 32.Rg6 Kh7 33.Rf6 Bc6 
34.Nd4 Be4 35.Rd7+ Kg8 36.Ne6 1-0